Library and information science: UGC JRF-SLET-NET

שמור ב:
מידע ביבליוגרפי
מחבר ראשי: Saravana, T.
פורמט: ספר
שפה:Undetermined
יצא לאור: Darya Ganj, New Delhi A. P. H. Publishing Corporation 2005
נושאים:
תגים: הוספת תג
אין תגיות, היה/י הראשונ/ה לתייג את הרשומה!
Thư viện lưu trữ: Trung tâm Học liệu Trường Đại học Cần Thơ
LEADER 00651nam a2200205Ia 4500
001 CTU_124850
008 210402s9999 xx 000 0 und d
020 |c 28.00 
082 |a 020.76 
082 |b S243 
100 |a Saravana, T. 
245 0 |a Library and information science: UGC JRF-SLET-NET 
245 0 |c T. Saravana 
260 |a Darya Ganj, New Delhi 
260 |b A. P. H. Publishing Corporation 
260 |c 2005 
650 |a Library eucation,Library science,Information science 
650 |x Problems, exercises, etc.,Study and teaching,Study and teaching 
904 |i Minh 
980 |a Trung tâm Học liệu Trường Đại học Cần Thơ